书目信息 |
| 题名: |
犹太秘史
|
|
| 作者: | 元坤 编著 | |
| 分册: | ||
| 出版信息: | 北京 中央编译出版社 2011.3 |
|
| 页数: | 228页 | |
| 开本: | 24cm | |
| 丛书名: | ||
| 单 册: | ||
| 中图分类: | K18 | |
| 科图分类: | ||
| 主题词: | 犹太人--民族历史 | |
| 电子资源: | ||
| ISBN: | 978-7-5117-0772-7 | |
| 000 | 00694nam0 2200229 45 | |
| 001 | 1360096421 | |
| 005 | 20130530094232.45 | |
| 010 | @a978-7-5117-0772-7@dCNY32.00 | |
| 100 | @a20130513d2011 em y0chiy50 ea | |
| 101 | 0 | @achi |
| 102 | @aCN@b110000 | |
| 105 | @ay z 000yy | |
| 106 | @ar | |
| 200 | 1 | @a犹太秘史@AYou Tai Mi Shi@f元坤编著@FYuan Kun Bian Zhu |
| 210 | @a北京@c中央编译出版社@d2011.3 | |
| 215 | @a228页@c照片, 图@d24cm | |
| 330 | @a本书共分五部分,内容包括:传说时代、古代圣王、悲惨往事、从黑暗走向黎明、灿烂文化。 | |
| 606 | 0 | @a犹太人@x民族历史 |
| 690 | @aK18@v5 | |
| 701 | 0 | @a元坤@AYuan Kun@4编著 |
| 801 | @aCN@bTANGWEI@c20130522 | |
| 905 | @b0834152-57@dK18@e200@f6 | |
| 犹太秘史/元坤编著.-北京:中央编译出版社,2011.3 |
| 228页:照片, 图;24cm |
| ISBN 978-7-5117-0772-7:CNY32.00 |
| 本书共分五部分,内容包括:传说时代、古代圣王、悲惨往事、从黑暗走向黎明、灿烂文化。 |
| ● |
| 相关链接 |
|
|
|
|
正题名:犹太秘史
索取号:K18/200
 
预约/预借
| 序号 | 登录号 | 条形码 | 馆藏地/架位号 | 状态 | 备注 |
| 1 | 0834152 | 208341524 | 第二借阅区/ [索取号:K18/200] | 在馆 | |
| 2 | 0834153 | 208341533 | 第二借阅区/ [索取号:K18/200] | 在馆 | |
| 3 | 0834154 | 208341542 | 第二样本阅览室/ [索取号:K18/200] | 在馆 | |
| 4 | 0834155 | 208341551 | 第二借阅区/ [索取号:K18/200] | 在馆 | |
| 5 | 0834156 | 208341560 | 密集书库-史法系/ [索取号:K18/200] | 在馆 | |
| 6 | 0834157 | 208341579 | 第二借阅区/ [索取号:K18/200] | 在馆 |